[Event "Chigorin Memorial Open"]
[Site "St Petersburg RUS"]
[Date "2011.10.20"]
[Round "7.99"]
[White "Dushin, Nikolay"]
[Black "Vunder, Yakov"]
[Result "0-1"]
[WhiteElo "1993"]
[BlackElo "2221"]
[WhiteFideId "4114612"]
[BlackFideId "4161955"]
[EventDate "2011.10.14"]

1. Nf3 d5 2. b3 Nf6 3. Bb2 e6 4. e3 Be7 5. Be2 O-O 6. O-O c5 7. Ne5 Nfd7 8. f4
Nxe5 9. fxe5 Nc6 10. d4 f6 11. Bd3 fxe5 12. Rxf8+ Bxf8 13. dxe5 Qg5 14. Qe1 Nxe5
15. Bxe5 Qxe5 16. Nd2 Bd7 17. Nf3 Qf6 18. e4 e5 19. Rd1 d4 20. Qg3 Bd6 21. Rf1
h6 22. Bc4+ Kh8 23. Bd5 Bb5 24. Rf2 Rf8 25. Bxb7 c4 26. Ne1 Qxf2+ 27. Qxf2 Rxf2
28. Kxf2 Bc5 29. bxc4 d3+ 30. Kf1 d2 31. Ke2 dxe1=Q+ 32. Kxe1 Bxc4 33. a4 Kh7 0-1

[Event "Chigorin Memorial Open"]
[Site "St Petersburg RUS"]
[Date "2011.10.20"]
[Round "7.100"]
[White "Kobzar, Alexandr"]
[Black "Kondratiev, Denis"]
[Result "1-0"]
[WhiteElo "2197"]
[BlackElo "1960"]
[WhiteFideId "14113660"]
[BlackFideId "4181220"]
[EventDate "2011.10.14"]

1. e4 c5 2. Nc3 a6 3. a4 e6 4. f4 Nc6 5. Nf3 g6 6. d4 cxd4 7. Nxd4 Bg7 8. Nxc6
bxc6 9. e5 f6 10. Qd4 Nh6 11. Ne4 Nf5 12. Nd6+ Nxd6 13. exd6 O-O 14. a5 c5 15.
Qxc5 Bb7 16. Be3 Be4 17. c3 Rb8 18. O-O-O f5 19. Qc7 Qf6 20. Bb6 Rbc8 21. Bxa6
Rxc7 22. dxc7 Qh4 23. g3 Qh3 24. Rhg1 e5 25. Bf1 Qh6 26. Rxd7 exf4 27. Bc4+ Kh8
28. Kd1 Qh5+ 29. g4 fxg4 30. Rd8 Bf5 31. Re1 g3+ 32. Kc1 g5 33. Re7 Qh6 34.
Rxf8+ Bxf8 35. Bd4+ Qg7 36. Bxg7+ Bxg7 37. Re8+ Bf8 38. Rxf8+ Kg7 39. Rxf5 gxh2
40. Bd5 1-0

[Event "Chigorin Memorial Open"]
[Site "St Petersburg RUS"]
[Date "2011.10.20"]
[Round "7.102"]
[White "Lisitsin, Boris"]
[Black "Andronov, Ilya"]
[Result "1-0"]
[WhiteElo "1977"]
[BlackElo "2129"]
[WhiteFideId "4139313"]
[BlackFideId "24142239"]
[EventDate "2011.10.14"]

1. Nc3 d5 2. e3 e5 3. Qh5 Nf6 4. Qxe5+ Be7 5. d4 O-O 6. Qg3 Bf5 7. Bd3 Bxd3 8.
cxd3 c5 9. dxc5 d4 10. exd4 Qxd4 11. Nge2 Qxc5 12. O-O Nc6 13. Be3 Qf5 14. Rfd1
Rfd8 15. Qg5 Qd7 16. h3 a6 17. Ng3 Nd5 18. Qxd5 Qxd5 19. Nxd5 Rxd5 20. Kf1 Bf6
21. Ne4 Bxb2 22. Rab1 f5 23. Rxb2 fxe4 24. Rxb7 exd3 25. Bd2 Ra7 26. Rdb1 Rb5
27. R1xb5 axb5 28. Rxa7 Nxa7 29. f4 g6 30. Kf2 Kf7 31. Ke3 Ke6 32. g4 Nc6 33.
Kxd3 Kd5 34. Bc3 Ne7 35. a3 Nc6 36. f5 gxf5 37. gxf5 Ne7 38. f6 Ng6 39. Ke3 Kc4
40. Bb4 Kd5 41. f7 1-0

[Event "Chigorin Memorial Open"]
[Site "St Petersburg RUS"]
[Date "2011.10.20"]
[Round "7.103"]
[White "Kulagin, Sergey"]
[Black "Bezulenko, Evgeny"]
[Result "1-0"]
[WhiteElo "2128"]
[BlackElo "1953"]
[WhiteFideId "4193253"]
[BlackFideId "24105996"]
[EventDate "2011.10.14"]

1. e4 g6 2. d4 Bg7 3. Nc3 d6 4. Be3 c6 5. Qd2 Nd7 6. f3 b5 7. g4 a6 8. Nce2 Ngf6
9. g5 Ng8 10. Ng3 h5 11. gxh6 Nxh6 12. O-O-O Ng8 13. h4 Ndf6 14. N1e2 Be6 15.
Kb1 Bc4 16. h5 Bxe2 17. Bxe2 Nxh5 18. Nxh5 gxh5 19. Rdg1 Bf8 20. f4 h4 21. Qe1
Nf6 22. Bf3 h3 23. Qg3 Qd7 24. e5 Nd5 25. Bg4 e6 26. Bxh3 Bh6 27. Bg2 O-O-O 28.
Bxd5 cxd5 29. exd6 Qxd6 30. Rh2 Kb7 31. Rgh1 Rhg8 32. Qf2 Bf8 33. f5 exf5 34.
Qxf5 Qg6 35. Qf3 Qe6 36. a3 Rg6 37. Rf1 Rd7 38. Bd2 Bg7 39. Re1 Qd6 40. Bf4 Qf6
41. Qh3 Re7 42. Rhe2 Re6 43. Be5 Qe7 44. Qf3 Qd7 45. Qf5 Qe7 46. Qf3 Kc6 47. Re3
Qd7 48. Rc3+ Kb7 49. Rc5 Bxe5 50. dxe5 Kb6 51. Rxd5 Qc7 52. Red1 Re7 53. Rd6+
Ka7 54. Qe3+ Kb7 55. Qe4+ Ka7 56. Qd4+ Kb7 57. a4 Qa5 58. Qd5+ Ka7 59. Qc5+ Kb8
60. Rd8+ Kb7 61. Qxe7+ 1-0

[Event "Chigorin Memorial Open"]
[Site "St Petersburg RUS"]
[Date "2011.10.20"]
[Round "7.105"]
[White "Zamyshlyaev, Anatoly"]
[Black "Platonova, Lubov"]
[Result "1-0"]
[WhiteElo "2067"]
[BlackElo "1901"]
[WhiteFideId "4199308"]
[BlackFideId "4178769"]
[EventDate "2011.10.14"]

1. e4 c5 2. Nf3 d6 3. d4 cxd4 4. Qxd4 Nc6 5. Bb5 Bd7 6. Bxc6 bxc6 7. c4 Qb6 8.
Qd3 Nf6 9. Nc3 Bg4 10. O-O Bxf3 11. Qxf3 Nd7 12. b3 e5 13. Qg3 O-O-O 14. Bd2 Rg8
15. Na4 Qc7 16. b4 Nb6 17. Nxb6+ Qxb6 18. b5 c5 19. a4 h6 20. Rfb1 Rd7 21. a5
Qb7 22. Qd3 Be7 23. a6 Qb6 24. Qd5 Bd8 25. Qc6+ Qc7 26. Ba5 Qxc6 27. bxc6 Re7
28. Rb7 Rxb7 29. axb7+ Kb8 30. Bxd8 Rxd8 31. Rxa7 1-0

[Event "Chigorin Memorial Open"]
[Site "St Petersburg RUS"]
[Date "2011.10.20"]
[Round "7.106"]
[White "Gumirov, Konstantin L"]
[Black "Safronov, Kirill"]
[Result "0-1"]
[WhiteElo "2057"]
[BlackElo "1932"]
[WhiteFideId "4125061"]
[BlackFideId "24141976"]
[EventDate "2011.10.14"]

1. e4 e5 2. Nf3 d6 3. c3 Nf6 4. d3 Be7 5. h3 O-O 6. g4 h6 7. Be3 Nbd7 8. Nbd2 c6
9. Qc2 Qc7 10. Rg1 Nh7 11. h4 Qd8 12. g5 h5 13. O-O-O g6 14. d4 Qc7 15. Bc4 Kg7
16. Ne1 Nb6 17. Bb3 c5 18. f4 c4 19. Ba4 f5 20. gxf6+ Nxf6 21. dxe5 dxe5 22.
fxe5 Ng4 23. Bd4 Kh7 24. Nef3 Be6 25. Rdf1 Rf4 26. b4 Raf8 27. Bc5 Kg7 28. Ng5
Rxf1+ 29. Nxf1 Bxg5+ 30. hxg5 Rf3 31. Nd2 Rd3 32. Nxc4 Bxc4 33. Bb3 Rf3 34. e6
Bxb3 35. Bd4+ Kf8 36. axb3 Qf4+ 37. Kb1 Ne3 38. Qd3 Rf1+ 39. Kb2 Qf2+ 40. Ka3
Nc2+ 41. Qxc2 Qxc2 42. Rxf1+ Ke7 43. Rf6 Qc1+ 44. Ka2 Qxg5 45. e5 Qxf6 46. exf6+
Kxe6 47. c4 Nc8 48. b5 b6 49. b4 Nd6 50. Kb3 h4 51. c5 h3 52. Bg1 bxc5 53. bxc5
Nxb5 54. Bh2 Kxf6 55. Kc4 a6 56. c6 Ke7 57. Kc5 Kd8 58. Kb6 Kc8 59. Kxa6 Nd4 60.
Kb6 Nf3 61. Bg3 h2 62. Bxh2 Nxh2 63. Kc5 g5 64. Kd5 g4 65. Ke4 g3 0-1

[Event "Chigorin Memorial Open"]
[Site "St Petersburg RUS"]
[Date "2011.10.20"]
[Round "7.107"]
[White "Ivanov, Sergei V."]
[Black "Bondarev, Ivan"]
[Result "1-0"]
[WhiteElo "2055"]
[BlackElo "1892"]
[WhiteFideId "24170003"]
[BlackFideId "4185110"]
[EventDate "2011.10.14"]

1. Nf3 Nf6 2. g3 b6 3. Bg2 Bb7 4. O-O c5 5. d3 d6 6. e4 Nbd7 7. h3 g6 8. Be3 Bg7
9. c3 O-O 10. Qd2 Rc8 11. Na3 a6 12. Bh6 Qc7 13. Bxg7 Kxg7 14. c4 Rfe8 15. Nh2
e5 16. f4 exf4 17. gxf4 Bc6 18. Ng4 b5 19. b3 b4 20. Nc2 a5 21. f5 Nxg4 22. hxg4
a4 23. Qf4 f6 24. g5 Rf8 25. Ne3 axb3 26. axb3 Rce8 27. Qh4 fxg5 28. Qxg5 Qd8
29. Qg3 Ne5 30. fxg6 Rxf1+ 31. Bxf1 hxg6 32. Ra7+ Kg8 33. Nf5 Qf6 34. Bh3 Ra8
35. Ne7+ Kh8 36. Nxc6 Nf3+ 37. Kg2 Rf8 38. Ra2 Nh4+ 39. Kh1 Kh7 40. Bg2 Rc8 41.
e5 dxe5 42. Nxe5 Re8 43. Ng4 Qg5 44. Be4 Nf5 45. Qh3+ Nh4 46. Rf2 Re7 47. Nf6+
Kg7 48. Nd5 Ra7 49. Kh2 Ra1 50. Qg3 Qh5 51. Qc7+ Kh6 52. Qf4+ 1-0

[Event "Chigorin Memorial Open"]
[Site "St Petersburg RUS"]
[Date "2011.10.20"]
[Round "7.109"]
[White "Rybakova, Polina"]
[Black "Irinchinov, Vladimir"]
[Result "0-1"]
[WhiteElo "1743"]
[BlackElo "2050"]
[WhiteFideId "24178829"]
[BlackFideId "24116165"]
[EventDate "2011.10.14"]

1. e4 e5 2. Nf3 Nc6 3. Bb5 a6 4. Ba4 Nf6 5. O-O Be7 6. Re1 b5 7. Bb3 d6 8. c3
O-O 9. h3 Na5 10. Bc2 c5 11. d4 Qc7 12. Nbd2 Bd7 13. Nf1 h6 14. Ng3 cxd4 15.
cxd4 Rac8 16. Bb1 Rfe8 17. Nh4 Bf8 18. Nhf5 Nc6 19. dxe5 dxe5 20. Qf3 Bxf5 21.
Nxf5 Re6 22. a3 Ne7 23. Ba2 Nxf5 24. Qxf5 Rd6 25. Be3 Re8 26. Rac1 Qb7 27. Bc5
Rd2 28. Bxf8 Kxf8 29. Rb1 Rd4 30. Rbd1 Qb6 31. Qf3 Red8 32. Qb3 R8d7 33. Qf3 Qd8
34. Rc1 Qa8 35. Rc5 Rxe4 36. Rxe5 Rxe1+ 37. Rxe1 Qxf3 38. gxf3 Rd2 39. Rb1 Nh5
40. a4 Nf4 41. Kh2 Nd3 42. axb5 axb5 43. Bd5 Rxf2+ 44. Kg3 Rxb2 45. Rd1 Nc5 46.
Bc6 b4 47. Rd8+ Ke7 48. Rd5 Ne6 49. f4 g6 50. Rd7+ Kf6 51. Rb7 Rb3+ 52. Kg4 h5+
53. Kh4 Nxf4 0-1

[Event "Chigorin Memorial Open"]
[Site "St Petersburg RUS"]
[Date "2011.10.20"]
[Round "7.110"]
[White "Saveliev, Alexei"]
[Black "Kantyshev, Nikita"]
[Result "1-0"]
[WhiteElo "2048"]
[BlackElo "1833"]
[WhiteFideId "24128546"]
[BlackFideId "4186737"]
[EventDate "2011.10.14"]

1. e4 e5 2. Nf3 Nc6 3. d4 exd4 4. Bc4 h6 5. O-O Bc5 6. c3 d3 7. b4 Bb6 8. b5
Nce7 9. Qxd3 d5 10. Bxd5 Nxd5 11. exd5 Ne7 12. Re1 O-O 13. Ba3 Re8 14. Nbd2 Bf5
15. Qc4 a6 16. bxa6 Rxa6 17. Bb4 Ra8 18. a4 Ba5 19. Nd4 Bxb4 20. cxb4 Bg6 21. a5
Qd7 22. N2b3 c6 23. dxc6 Nxc6 24. Nxc6 Rxe1+ 25. Rxe1 bxc6 26. h3 Kh7 27. Qd4
Qc7 28. Nc5 Rd8 29. Qe3 Qb8 30. Qc3 Qf4 31. a6 Rd2 32. Rf1 Ra2 33. Qb3 Qd2 34.
Qc4 Rc2 35. Ne4 Rxc4 36. Nxd2 Rc2 37. Nb3 Ra2 38. Ra1 Rxa1+ 39. Nxa1 Be4 40. Nb3 1-0

[Event "Chigorin Memorial Open"]
[Site "St Petersburg RUS"]
[Date "2011.10.20"]
[Round "7.111"]
[White "Shurunov, Andrei"]
[Black "Egorov, Daniil"]
[Result "1/2-1/2"]
[WhiteElo "2037"]
[BlackElo "1826"]
[WhiteFideId "4113209"]
[BlackFideId "24171956"]
[EventDate "2011.10.14"]

1. e4 c5 2. Nf3 d6 3. d4 cxd4 4. Nxd4 Nf6 5. Nc3 Nc6 6. Bg5 Bd7 7. Qd2 Rc8 8.
O-O-O Nxd4 9. Qxd4 Qa5 10. Bxf6 gxf6 11. Kb1 Qc5 12. Qd2 Bg7 13. f4 a5 14. f5 a4
15. a3 b5 16. Na2 Bh6 17. Qd3 Qe3 18. Qd5 Rc5 19. Qa8+ Rc8 20. Qb7 Qc5 21. Nb4
Rc7 22. Qa8+ Rc8 23. Qa6 O-O 24. Rd5 Qe3 25. Qb7 Qc1+ 26. Ka2 Rfd8 27. g3 Rb8
28. Qc7 Rbc8 29. Qb7 Rb8 30. Qc7 1/2-1/2

[Event "Chigorin Memorial Open"]
[Site "St Petersburg RUS"]
[Date "2011.10.20"]
[Round "7.114"]
[White "Gorozhankina, Julia"]
[Black "Sladkov, Andrey"]
[Result "1-0"]
[WhiteTitle "WFM"]
[WhiteElo "2140"]
[BlackElo "1885"]
[WhiteFideId "4199650"]
[BlackFideId "24160350"]
[EventDate "2011.10.14"]

1. e4 c6 2. d4 d5 3. exd5 cxd5 4. c4 Nf6 5. Nc3 Nc6 6. Nf3 Bg4 7. cxd5 Nxd5 8.
Qb3 Bxf3 9. gxf3 e6 10. Qxb7 Nxd4 11. Bb5+ Nxb5 12. Qc6+ Ke7 13. Qxb5 Nxc3 14.
bxc3 Qd7 15. Qa6 f6 16. Rb1 Rc8 17. Be3 Rxc3 18. O-O Kf7 19. Rb7 Rc7 20. Rxc7
Qxc7 21. Rb1 Kg6 22. Qxe6 Qe5 23. Qg4+ Kf7 24. Rb7+ Be7 25. Qc4+ Qe6 26. Qxe6+
Kxe6 27. Rxa7 g5 28. Kg2 h5 29. h3 Rc8 30. a4 Rc2 31. a5 Ra2 32. a6 Rc2 33. Ra8
Kd7 34. a7 Bc5 35. Bxc5 Rxc5 36. Rb8 1-0

[Event "Chigorin Memorial Open"]
[Site "St Petersburg RUS"]
[Date "2011.10.20"]
[Round "7.115"]
[White "Mitiushkin, Marat"]
[Black "Startsev, Andrei"]
[Result "1-0"]
[WhiteElo "1995"]
[BlackElo "1867"]
[WhiteFideId "4141849"]
[BlackFideId "24101850"]
[EventDate "2011.10.14"]

1. d4 d5 2. c4 e6 3. Nc3 c6 4. cxd5 exd5 5. Nf3 Nf6 6. Bg5 Be7 7. e3 Bf5 8. Bd3
Bxd3 9. Qxd3 Nbd7 10. O-O O-O 11. Rab1 a5 12. a3 Ne4 13. Bxe7 Qxe7 14. Rfc1 Nd6
15. b4 axb4 16. axb4 b5 17. Nd2 Nb6 18. Nb3 Ndc4 19. Nc5 Ra3 20. Qc2 f5 21. g3
Nd7 22. Re1 Nf6 23. Ra1 Rxa1 24. Rxa1 Ne4 25. Ra6 Ned2 26. Rxc6 Nf3+ 27. Kh1 Qg5
28. Qd1 Qh5 29. h4 Ncd2 30. Nxd5 g5 31. Nd7 Kh8 32. N5f6 Qh6 33. h5 Rd8 34. Qa1
Ne4 35. Kg2 Nxf6 36. Nxf6 g4 37. d5 Qg7 38. h6 Qxh6 39. Nh5+ 1-0

[Event "Chigorin Memorial Open"]
[Site "St Petersburg RUS"]
[Date "2011.10.20"]
[Round "7.116"]
[White "Chuprova, Irina"]
[Black "Nezbailo, Dmitry"]
[Result "1/2-1/2"]
[WhiteElo "1919"]
[BlackElo "1966"]
[WhiteFideId "24138584"]
[BlackFideId "4199057"]
[EventDate "2011.10.14"]

1. e4 c6 2. d4 d5 3. f3 dxe4 4. fxe4 e5 5. Nf3 exd4 6. Bc4 Bc5 7. O-O Nf6 8.
Bxf7+ Kxf7 9. e5 d3+ 10. Kh1 Ng4 11. Ng5+ Kg8 12. Ne4 Be3 13. Qf3 Nxe5 14. Qxe3
dxc2 15. Nbc3 Bg4 16. Ng5 Nbd7 17. Nce4 Qb6 18. Qa3 Qa6 19. Qb3+ Qc4 20. Qxc4+
Nxc4 21. b3 Nce5 22. Ba3 h6 23. Nf3 Bxf3 24. gxf3 Nd3 25. f4 c1=Q 26. Bxc1 Nxc1
27. Raxc1 Nb6 28. Nd6 Rb8 29. Rg1 Kh7 30. Nf5 Rhg8 31. Rc3 g6 32. Nd6 Nd5 33.
Rf3 Rgf8 34. f5 gxf5 35. Rxf5 Rxf5 36. Nxf5 Rf8 37. Nd6 b6 38. Rc1 c5 39. Rd1
Ne3 40. Re1 Rf1+ 41. Rxf1 Nxf1 42. Nc8 Ne3 43. Nxa7 Kg6 44. Kg1 Kf5 45. Nc8 Nd5
46. Kf2 Kg4 47. Nd6 h5 48. a4 h4 49. Nc4 Kf4 50. Nd2 Nc3 51. Nf3 Ne4+ 52. Ke2 h3
53. Ne1 Ng5 54. Nd3+ Kf5 55. a5 bxa5 56. Nxc5 Ne4 57. Nb7 a4 1/2-1/2

[Event "Chigorin Memorial Open"]
[Site "St Petersburg RUS"]
[Date "2011.10.20"]
[Round "7.118"]
[White "Puzko, Danila"]
[Black "Popov, Artemiy"]
[Result "1-0"]
[WhiteElo "1955"]
[BlackElo "1649"]
[WhiteFideId "24153745"]
[BlackFideId "24136727"]
[EventDate "2011.10.14"]

1. Nf3 Nf6 2. b3 d6 3. Bb2 e5 4. e3 Be7 5. Be2 O-O 6. O-O Nc6 7. d4 e4 8. Nfd2
d5 9. c4 Na5 10. cxd5 Qxd5 11. Nc3 Qe6 12. Qc2 Bb4 13. Ndxe4 Nxe4 14. Nxe4 f5
15. Nc5 Qh6 16. a3 Bxc5 17. dxc5 f4 18. exf4 Qxf4 19. Qc3 Qf6 20. Qd2 Qe7 21.
Qxa5 Qxe2 22. Qc3 Qe7 23. Rae1 Qf7 24. f3 Bf5 25. Re5 Bg6 26. Rfe1 Qf6 27. Qc1
Qf4 28. Re7 Rf7 29. Re8+ Rf8 30. Rxa8 Qxc1 31. Rxf8+ 1-0

[Event "Chigorin Memorial Open"]
[Site "St Petersburg RUS"]
[Date "2011.10.20"]
[Round "7.119"]
[White "Chernyak, Viktoria"]
[Black "Evsyukov, Aleksey"]
[Result "1/2-1/2"]
[WhiteElo "1808"]
[BlackElo "1902"]
[WhiteFideId "24165956"]
[BlackFideId "24159557"]
[EventDate "2011.10.14"]

1. e4 e5 2. Nf3 Nc6 3. Be2 Nf6 4. d3 Bc5 5. O-O d6 6. c3 Bg4 7. h3 Bxf3 8. Bxf3
h6 9. Be3 Bxe3 10. fxe3 Ne7 11. Nd2 c6 12. Qe1 b5 13. d4 Ng6 14. Qf2 Qb6 15.
Rac1 O-O 16. c4 Rac8 17. c5 Qb8 18. b4 dxc5 19. Rxc5 Nd7 20. Rc3 Qd6 21. a3 Nb6
22. Nb3 Nc4 23. Nc5 a5 24. Rd1 axb4 25. axb4 Ra8 26. Qc2 Nb6 27. d5 cxd5 28.
exd5 Na4 29. Ra3 Nb6 30. Rc3 Na4 31. Ra3 Nb6 32. Rc3 Na4 33. Ra3 Rac8 34. Rxa4
bxa4 35. Qxa4 Nh4 36. Qa2 Nxf3+ 37. gxf3 Rb8 38. Qd2 Rfd8 39. Kf2 Qb6 40. Rb1
Rd6 41. Ne4 Rd7 42. Nc5 1/2-1/2

[Event "Chigorin Memorial Open"]
[Site "St Petersburg RUS"]
[Date "2011.10.20"]
[Round "7.121"]
[White "Filin, Evgeny"]
[Black "Stroganov, Anatoly"]
[Result "1-0"]
[WhiteElo "1709"]
[BlackElo "1866"]
[WhiteFideId "24184764"]
[BlackFideId "4178955"]
[EventDate "2011.10.14"]

1. e4 d6 2. Nf3 Nf6 3. d3 g6 4. g3 Bg7 5. Bg2 Nc6 6. c3 Rb8 7. h3 h6 8. O-O O-O
9. Nh2 e5 10. f4 Ne7 11. Be3 c5 12. fxe5 dxe5 13. Bxc5 b6 14. Be3 Qd7 15. d4 Rd8
16. d5 Nc6 17. Qc2 Na5 18. b3 Nb7 19. Nd2 Nd6 20. c4 Ba6 21. Rac1 Rbc8 22. Qd1
Qe7 23. Rf2 Nb7 24. Qe2 Kh7 25. Rcf1 Rf8 26. Ng4 Nh5 27. Kh2 f5 28. exf5 gxf5
29. Rxf5 Rxf5 30. Rxf5 Qe8 31. Rxh5 Nd6 32. Rxh6+ Bxh6 33. Nf6+ Kg7 34. Nxe8+
Rxe8 35. Qg4+ Kh7 36. Qh5 Kg8 37. Qxh6 Nf7 38. Qg6+ Kf8 39. Bh6+ Nxh6 40. Qxh6+
Ke7 41. Ne4 Bc8 42. d6+ Kd8 43. Nf6 1-0

[Event "Chigorin Memorial Open"]
[Site "St Petersburg RUS"]
[Date "2011.10.20"]
[Round "7.122"]
[White "Fokin, Anatoly"]
[Black "Gusev, Boris"]
[Result "1-0"]
[WhiteElo "1858"]
[BlackElo "1734"]
[WhiteFideId "24124451"]
[BlackFideId "24121479"]
[EventDate "2011.10.14"]

1. d4 Nf6 2. c4 g6 3. Nc3 d5 4. e3 Bg7 5. Nf3 c6 6. b3 O-O 7. Bd3 e6 8. Bb2 Qc7
9. Ne5 Nbd7 10. f4 Ne8 11. O-O f6 12. Nf3 dxc4 13. bxc4 e5 14. Qd2 Nb6 15. c5
exd4 16. exd4 Nd5 17. Nxd5 cxd5 18. h3 Bh6 19. Nh2 Ng7 20. Qf2 Nh5 21. f5 Nf4
22. Bc2 Bxf5 23. Bxf5 gxf5 24. Qf3 Qd7 25. Bc1 Qa4 26. Bxf4 Qxd4+ 27. Kh1 Bxf4
28. Qxf4 Qe5 29. Qxf5 Rae8 30. Ng4 1-0

[Event "Chigorin Memorial Open"]
[Site "St Petersburg RUS"]
[Date "2011.10.20"]
[Round "7.123"]
[White "Dzhavathanov, Magomed"]
[Black "Edilsultanova, Zalina"]
[Result "1/2-1/2"]
[WhiteElo "1793"]
[BlackElo "1621"]
[WhiteFideId "24106020"]
[BlackFideId "24164798"]
[EventDate "2011.10.14"]

1. e4 e5 2. Nf3 Nc6 3. d4 exd4 4. Nxd4 Nf6 5. Nxc6 bxc6 6. e5 Qe7 7. Qe2 Nd5 8.
c4 Ba6 9. g3 g6 10. b3 Bg7 11. Bb2 O-O 12. Bg2 Rfe8 13. O-O Nb6 14. Re1 d5 15.
Nd2 Rad8 16. Rac1 Bb7 17. f4 a5 18. c5 Nd7 19. Bd4 Ra8 20. Nf3 Nf8 21. g4 Bc8
22. h3 Bd7 23. Qd2 a4 24. b4 a3 25. Rc3 Reb8 26. Rb3 Bh6 27. Be3 Ra4 28. Nd4 Ne6
29. Nc2 Rba8 30. f5 Bxe3+ 31. Qxe3 Nd8 32. Nd4 Rb8 33. f6 Qf8 34. Nc2 Ne6 35.
Rxa3 Rxa3 36. Qxa3 Ra8 37. Qb3 Qb8 38. a3 Nxc5 39. Qe3 Ne6 40. h4 Qb6 41. Bf3
Bc8 42. Kh2 Bb7 43. Kg3 c5 44. Rd1 d4 45. bxc5 Qxc5 46. Nxd4 h6 47. Rd3 Bxf3 48.
Nxf3 Qxe3 49. Rxe3 Kf8 50. g5 h5 1/2-1/2

[Event "Chigorin Memorial Open"]
[Site "St Petersburg RUS"]
[Date "2011.10.20"]
[Round "7.126"]
[White "Kokhnover, Ilya"]
[Black "Khatenever, Feliks"]
[Result "1/2-1/2"]
[WhiteElo "1821"]
[BlackElo "1864"]
[WhiteFideId "24159174"]
[BlackFideId "4131800"]
[EventDate "2011.10.14"]

1. e4 e6 2. d4 d5 3. Nd2 dxe4 4. Nxe4 Nd7 5. Be3 Ngf6 6. Bd3 b6 7. Nf3 Bb7 8.
Nc3 Be7 9. O-O O-O 10. Qd2 c5 11. Rad1 cxd4 12. Bxd4 Qc7 13. Rfe1 a6 14. Ne5
Nxe5 15. Bxe5 Qc6 16. f3 Rfd8 17. Kh1 b5 18. Qf2 Qe8 19. Ne2 g6 20. Ng3 Bd5 21.
a3 Nd7 22. Bd4 Bf6 23. Ne4 Bxd4 24. Qxd4 Bxe4 25. Bxe4 Nf8 26. Qb6 Rab8 27. Qxa6
Qe7 28. Qa5 Rd7 29. Qb4 Qxb4 30. axb4 Rc7 31. c3 Nd7 32. Kg1 Kg7 33. Kf2 Nb6 34.
Re2 Nc4 35. b3 Nb6 36. Rc2 f5 37. Bd3 Nd5 38. Rdc1 Kf6 39. g3 e5 40. Ke2 Rb6 41.
Kf2 h5 42. h4 1/2-1/2

[Event "Chigorin Memorial Open"]
[Site "St Petersburg RUS"]
[Date "2011.10.21"]
[Round "8.1"]
[White "Smirnov, Pavel"]
[Black "Zvjaginsev, Vadim"]
[Result "1/2-1/2"]
[WhiteTitle "GM"]
[BlackTitle "GM"]
[WhiteElo "2580"]
[BlackElo "2666"]
[WhiteFideId "4123425"]
[BlackFideId "4113403"]
[EventDate "2011.10.14"]

1. d4 Nf6 2. c4 e6 3. Nf3 d5 4. g3 Bb4+ 5. Bd2 Be7 6. Bg2 O-O 7. O-O Nbd7 8. Qc2
c6 9. Rd1 b6 10. Bf4 Bb7 11. Ne5 Nh5 12. Bd2 Nhf6 13. Bf4 Nh5 14. Bd2 Nhf6 15.
Bf4 Nh5 16. Bd2 1/2-1/2

[Event "Chigorin Memorial Open"]
[Site "St Petersburg RUS"]
[Date "2011.10.21"]
[Round "8.2"]
[White "Azarov, Sergei"]
[Black "Lintchevski, Daniil"]
[Result "1/2-1/2"]
[WhiteTitle "GM"]
[BlackTitle "GM"]
[WhiteElo "2648"]
[BlackElo "2558"]
[WhiteFideId "13501470"]
[BlackFideId "4171055"]
[EventDate "2011.10.14"]

1. e4 c6 2. Nc3 d5 3. Nf3 Bg4 4. h3 Bxf3 5. Qxf3 e6 6. Be2 Nf6 7. O-O Nbd7 8. d4
dxe4 9. Nxe4 Nxe4 10. Qxe4 Nf6 11. Qd3 Be7 12. c4 O-O 13. Be3 Qc7 14. Bf3 Rfd8
15. Rfd1 Rd7 16. Qe2 Rad8 17. a3 e5 18. dxe5 Qxe5 19. Rxd7 Rxd7 20. Re1 Bc5 21.
Bxc5 Qxc5 22. b4 Qf8 23. Qe3 a6 24. Rd1 Rxd1+ 25. Bxd1 g6 26. Bf3 Qe8 27. Qb6
Qc8 28. a4 Nd7 29. Qe3 Qd8 30. b5 axb5 31. cxb5 cxb5 32. axb5 b6 33. g3 Nc5 34.
Kg2 Kg7 35. h4 Qf6 36. Bd5 Qf5 37. Qd4+ Qf6 38. Qe3 Qf5 39. Qd4+ Qf6 40. Qe3 Qf5 1/2-1/2

[Event "Chigorin Memorial Open"]
[Site "St Petersburg RUS"]
[Date "2011.10.21"]
[Round "8.3"]
[White "Khismatullin, Denis"]
[Black "Vorobiov, Evgeny E."]
[Result "1-0"]
[WhiteTitle "GM"]
[BlackTitle "GM"]
[WhiteElo "2635"]
[BlackElo "2581"]
[WhiteFideId "4142578"]
[BlackFideId "4121341"]
[EventDate "2011.10.14"]

1. d4 Nf6 2. c4 e6 3. Nc3 Bb4 4. e3 O-O 5. Bd3 d5 6. Ne2 dxc4 7. Bxc4 e5 8. a3
exd4 9. axb4 dxc3 10. Qxd8 Rxd8 11. bxc3 Nbd7 12. Nd4 c5 13. bxc5 Nxc5 14. Ba3
b6 15. Bxc5 bxc5 16. Nc6 Rd7 17. O-O Rc7 18. Rfd1 Bd7 19. Na5 Rb8 20. f3 Kf8 21.
Rd2 Ke7 22. e4 Rb6 23. Rda2 Bc8 24. Kf2 Nd7 25. Bd5 a6 26. Nc4 Rb8 27. Ne3 Kf8
28. Bc4 Ne5 29. Nd5 Rcb7 30. Bxa6 Rb2+ 31. Rxb2 Rxb2+ 32. Kg3 Be6 33. Ra5 h5 34.
Nf4 Ng6 35. Nxh5 c4 36. f4 1-0

[Event "Chigorin Memorial Open"]
[Site "St Petersburg RUS"]
[Date "2011.10.21"]
[Round "8.4"]
[White "Matlakov, Maxim"]
[Black "Kovchan, Alexander"]
[Result "1/2-1/2"]
[WhiteTitle "GM"]
[BlackTitle "GM"]
[WhiteElo "2630"]
[BlackElo "2569"]
[WhiteFideId "4168003"]
[BlackFideId "14103052"]
[EventDate "2011.10.14"]

1. d4 Nf6 2. c4 g6 3. Nc3 d5 4. Bf4 Bg7 5. e3 O-O 6. Rc1 Be6 7. Qb3 c5 8. Qxb7
Qb6 9. Qxb6 axb6 10. Nf3 dxc4 11. dxc5 bxc5 12. Ng5 Bd5 13. Rd1 Bc6 14. Bxc4
Nbd7 15. O-O Nb6 16. Be2 Nfd5 17. Nxd5 Nxd5 18. Bf3 Nxf4 19. Bxc6 Ne2+ 20. Kh1
Rxa2 21. b3 Nc3 22. Rd7 Rb2 23. Ne4 Nxe4 24. Bxe4 e6 25. Rc7 Rd8 26. Kg1 Rxb3
27. Rxc5 h5 28. g3 Rc3 29. Rxc3 Bxc3 30. Rc1 Rc8 31. Kg2 Rc7 32. h4 Be5 33. Rxc7
Bxc7 34. Bc2 Kg7 35. Kf3 Bd6 36. Bb1 Bc7 37. Bc2 Bd6 38. Bb1 Bc7 39. Bc2 Bd6 40.
Bb1 1/2-1/2